Postacie ze SpongeBoba - Statystyki

Ogólne statystyki
  • Ten quiz został rozwiązany 5 243 razy
  • Średni wynik to 9 z 25
Statystyki odpowiedzi
Opis Bohater % Poprawnych
Najlepszy przyjaciel SpongeBoba Patryk Rozwiazda
99%
Właściciel Pod tłustym krabem Eugeniusz Krab
95%
Ponury sąsiad Skalmar Obłynos
94%
Właściciel Kubła pomyj Sheldon J. Plankton
87%
Ślimak-zwierzątko Gacuś
74%
Wiewiórka z Teksasu Sandy Pysia
66%
Właścicielka szkoły jazdy Pani Puff
54%
Jego córka Perła Krab
46%
Jego żona, komputer Karen
45%
Ratownik na Błotnistej Lagunie Larry Homar
37%
Zamożny wróg powyższego Skalmir Maminsyn
35%
Duch-pirat Latający Holender
28%
Starszy superbohater Syrenaman
26%
Jego asystent Skorupin
25%
Ich wrogowie Brudny Bąbel
11%
Ich wrogowie Man Ray
10%
Jego papuga Potty
6%
Reporter wiadomości Roman Okoń
6%
Pirat, przewodniczący fanklubu Pirat Patchy
5%
Tata Spongeboba Harold Kanciastoporty
3%
Policjant (pomarańczowa ryba) John
3%
Mama Spongeboba Margaret Kanciastoporta
3%
Realistyczna ryba z czołówkii reporter telewizyjny Mirek Karaś
3%
Lekarz Dr. Gill Gilliam
2%
Policjant (fioletowa ryba) Nancy
2%
Nie znaleziono quizów pasujących do podanych kryteriów
Rozkład punktacji
Procent ludzi z każdym wynikiem
Percentyl według liczby udzielonych odpowiedzi
Twoja historia wyników
Nie rozwiązałeś tego quizu